00877nas a22001817a 450000500170000000800410001704000130005824500110007126001310008230000120021331000110022536200570023650001170029350000830041065000490049365100440054271001090058620260519150638.0260519b19921999pormr|p|r||||f00| z0por d cBR-ViAPE aVocê aVitóriabSPDC - Secretaria de Produção e Difusão Cultural - UFES (Universidade Federal do Espírito Santo)c1992-1998 av.bil. aMensal aAno 1, n. 1 (jul. 1992) - ano 3, n. 60 (out. 1998).  aDisponibilizada apenas a imagem da capa na versão digital, em virtude de restrições de direitos autorais.  aColeção incompleta: disponíveis apenas alguns números do periódico.  aCulturaxEntrevistasxArtezEspírito Santo aEspírito Santo (Brasil)vPeriódicos aSPDC - Secretaria de Produção e Difusão Cultural - UFES (Universidade Federal do Espírito Santo)